The extended specimen : (Registro nro. 19926)
[ vista simple ]
| 000 -CABECERA | |
|---|---|
| Campo de control | 00968aam a2200253 a 4500 |
| 005 - FECHA Y HORA DE LA ULTIMA TRANSACCION | |
| Campo de control | 20181129124919.0 |
| 008 - ELEMENTOS DE LONGITUD FIJA—INFORMACION GENERAL | |
| Campo de control | 170728s2017 fluabdo rb 000 0 eng d |
| 020 ## - ISBN | |
| ISBN | 9781498729154 |
| 040 ## - FUENTE DE CATALOGACIÓN | |
| Agencia catalogadora original | YDX |
| Agencia transcriptora | YDX |
| Agencia Modificadora | Uk |
| -- | CO-BoIAVH |
| 041 0# - IDIOMA | |
| Código de idioma para texto/pista de sonido o título separado | Inglés |
| 044 ## - PAÍS DE PUBLICACIÓN | |
| País de publicación | Estados Unidos |
| 082 04 - NUMERO DE CLASIFICACION DECIMAL DEWEY | |
| Número de clasificación | 598.0723 |
| Número del ítem | E96s |
| 245 04 - MENCION DE TITULO | |
| Título | The extended specimen : |
| Parte restante del título | emerging frontiers in collections-based ornithological research / |
| Mención de responsabilidad | editado por Michael S. Webster. |
| 260 ## - PUBLICACION, DISTRIBUCION, ETC. (PIE DE IMPRENTA) | |
| Lugar de publicación, distribución, etc. | Boca Raton (EE.UU.) : |
| Nombre del editor, distribuidor, etc. | Taylor & Francis, |
| Fecha de publicación, distribución, etc. | 2017. |
| 300 ## - DESCRIPCION FISICA | |
| Extensión | 240 páginas : |
| Otros detalles físicos | ilustraciones a color, mapas, tablas y fotografías a color ; |
| Dimensiones | 28 x 19 cm |
| 490 0# - MENCION DE SERIE | |
| Mención de serie | Studies in avian biology |
| 504 ## - NOTA DE BIBLIOGRAFIA, ETC. | |
| Nota de bibliografía | Incluye referencias bibliográficas. |
| 650 26 - ASIENTO SECUNDARIO DE MATERIA - TERMINO TEMATICO | |
| Término temático o nombre geográfico como elemento de entrada | Aves |
| Subdivisión general | Evolución |
| 9 (RLIN) | 86009 |
| 650 26 - ASIENTO SECUNDARIO DE MATERIA - TERMINO TEMATICO | |
| Término temático o nombre geográfico como elemento de entrada | Aves |
| Subdivisión general | Ciencias biológicas |
| 9 (RLIN) | 86010 |
| 650 26 - ASIENTO SECUNDARIO DE MATERIA - TERMINO TEMATICO | |
| Término temático o nombre geográfico como elemento de entrada | Aves |
| Subdivisión general | Preservación |
| 9 (RLIN) | 86011 |
| 650 26 - ASIENTO SECUNDARIO DE MATERIA - TERMINO TEMATICO | |
| Término temático o nombre geográfico como elemento de entrada | Aves |
| Subdivisión general | Investigación |
| 9 (RLIN) | 86012 |
| 700 1# - ASIENTO SECUNDARIO - NOMBRE PERSONAL | |
| Nombre personal | Webster, Michael S. |
| Forma más completa del nombre | (Michael Stilson), |
| Fechas asociadas con el nombre | 1960- |
| Término de relación | editor. |
| 9 (RLIN) | 86013 |
| 942 ## - ELEMENTOS ADICIONALES (KOHA) | |
| Sistema de clasificación | Dewey Decimal Classification |
| Tipo de ítem | Libro |
| Withdrawn status | Lost status | Sistema de Clasificación | Damaged status | No para préstamo | Colección | Inventariado | Ubicación Permanente | Ubicación actual | Fecha de adquisición | Fuente de Valor | Valor | Total Checkouts | Total Renewals | Número topográfico | Inventario / Código de Barras | Date last seen | Date checked out | Ejemplar | Price effective from | Forma de adquisición | Tipo de material |
|---|---|---|---|---|---|---|---|---|---|---|---|---|---|---|---|---|---|---|---|---|---|
| Dewey Decimal Classification | General | Inventariado 2017 | Bogotá | Bogotá | 09/10/2017 | Instituto | 39000.00 | 3 | 1 | LB-598.0723 E96s | 041764 | 22/07/2021 | 22/07/2021 | Ej. 1 | 09/10/2017 | Compra | Libro |